[Event "Challenge"]
[Site "http://www.queenalice.com/game.php?id=367887"]
[Date "2008.3.8"]
[Round "-"]
[White "masterchief88"]
[Black "Gansothedark"]
[Result "1-0"]
[WhiteElo "1700"]
[BlackElo "982"]

1. e4 e5 2. Nf3 Bc5 3. Bc4 d6 4. d3 Bg4 5. h3 Bxf3 6. Qxf3 f6 7. Qh5+ g6 8. Qe2
Nc6 9. Nc3 Nd4 10. Qd1 f5 11. Be3 Nc6 12. Bxc5 dxc5 13. Bb5 Ne7 14. Bxc6+ Nxc6
15. Ne2 Qd6 16. O-O Qe6 17. Qd2 O-O-O 18. a4 fxe4 19. Qe3 Rdg8 20. Qxe4 Nb4 21.
c3 Nc6 22. Rfb1 g5 23. Qg4 Qxg4 24. hxg4 Ne7 25. b4 b6 26. bxc5 Ng6 27. cxb6
axb6 28. a5 Nf4 29. Nxf4 gxf4 30. a6 Rxg4 31. a7 Kd7 32. a8=Q Rd8 33. Qd5+ Kc8
34. Ra8# 1-0

[Event "Challenge"]
[Site "http://www.queenalice.com/game.php?id=375375"]
[Date "2008.3.22"]
[Round "-"]
[White "PROFALEXANDRE"]
[Black "masterchief88"]
[Result "1-0"]
[WhiteElo "1468"]
[BlackElo "1764"]

1. e4 c5 2. e5 Nc6 3. Nf3 e6 4. Bb5 Nge7 5. d3 g6 6. Bg5 Qa5+ 7. Nc3 Bg7 8. Qe2
O-O 9. Bxe7 Nxe7 10. Bc4 Rd8 11. O-O d5 12. Bb3 Bd7 13. Qe3 Nf5 14. Qe2 Bc6 15.
Ng5 Bh6 16. Nf3 d4 17. Ne4 Bxe4 18. dxe4 Ne7 19. Nh4 Bg7 20. a4 Bxe5 21. Nf3 Bg7
22. Ng5 Bh6 23. Nf3 Nc6 24. h4 f5 25. Bxe6+ Kg7 26. exf5 gxf5 27. Ne5 Re8 28.
Nxc6 bxc6 29. Qe5+ Kf8 30. Qf6# 1-0

[Event "Challenge"]
[Site "http://www.queenalice.com/game.php?id=381701"]
[Date "2008.4.3"]
[Round "-"]
[White "OzOne"]
[Black "masterchief88"]
[Result "0-1"]
[WhiteElo "1747"]
[BlackElo "1700"]

1. e4 c5 2. Nf3 Nc6 3. d4 cxd4 4. Nxd4 d6 5. Nc3 Nf6 6. Be2 Bd7 7. Be3 e6 8. f4
Be7 9. e5 dxe5 10. fxe5 Nxe5 11. Bf4 Ng6 0-1

[Event "Challenge"]
[Site "http://www.queenalice.com/game.php?id=382543"]
[Date "2008.4.5"]
[Round "-"]
[White "pauluk"]
[Black "masterchief88"]
[Result "0-1"]
[WhiteElo "1699"]
[BlackElo "1700"]

1. e4 c5 2. Nf3 Nc6 3. Nc3 d6 4. Bb5 Bd7 5. d4 cxd4 6. Nxd4 Nxd4 7. Bxd7+ Qxd7
8. Qxd4 Nf6 9. O-O e5 10. Qd3 Be7 11. Nd5 O-O 12. c4 Qd8 13. b4 Nxd5 14. cxd5 a6
15. a4 Qd7 16. f4 b5 17. a5 f6 18. f5 Rfc8 19. Bd2 Rc7 20. Rac1 Rac8 21. Qg3 Bf8
22. Be3 Qf7 23. Qf2 g6 24. fxg6 Qxg6 25. Rxc7 Rxc7 26. Qxf6 Qxf6 27. Rxf6 Rc4
28. Bh6 Be7 29. Rf3 Rxe4 30. Rg3+ Kf7 31. Rf3+ Ke8 32. Rb3 Bh4 33. g3 Bf6 34.
Kf2 Rd4 35. Ke3 Rxd5 36. Ke4 Rd4+ 37. Kf5 Be7 38. Ke6 e4 39. Bg5 Bxg5 40. h4 Be7
41. Kf5 d5 42. Ke5 Rxb4 43. Rc3 Rc4 0-1

[Event "Challenge"]
[Site "http://www.queenalice.com/game.php?id=383207"]
[Date "2008.4.6"]
[Round "-"]
[White "Gansothedark"]
[Black "masterchief88"]
[Result "0-1"]
[WhiteElo "1003"]
[BlackElo "1757"]

1. d4 d5 2. c3 Nf6 3. Nf3 Nc6 4. e3 Bg4 5. Be2 e6 6. O-O Bd6 7. Nbd2 h5 8. h3
Bxf3 9. Bxf3 g5 10. e4 dxe4 11. Bxe4 Nxe4 12. Nxe4 f6 13. Qf3 Be7 14. Be3 f5 15.
Nxg5 Bxg5 16. Bxg5 Qxg5 17. Rae1 Nd8 18. b4 Qf6 19. a3 Nc6 20. b5 Na5 21. Qd3
O-O-O 22. Re2 Rde8 23. Rfe1 b6 24. d5 e5 25. f3 Nb7 26. c4 Nc5 27. Qc3 Nd7 28.
f4 e4 29. Qb4 Qd4+ 30. Re3 Nc5 31. a4 Nd3 32. Kh1 Nxb4 0-1

[Event "Challenge"]
[Site "http://www.queenalice.com/game.php?id=383491"]
[Date "2008.4.7"]
[Round "-"]
[White "JesterMike"]
[Black "masterchief88"]
[Result "0-1"]
[WhiteElo "1716"]
[BlackElo "1725"]

1. d4 d5 2. Nf3 Nc6 3. Bf4 Bf5 4. e3 e6 5. Ng5 Nb4 6. Bd3 Bxd3 7. cxd3 Be7 8. a3
Nxd3+ 9. Qxd3 Bxg5 10. Qb5+ c6 11. Qxb7 Bxf4 12. exf4 Ne7 13. O-O Qc8 14. Qb4
Ng6 15. Qd2 c5 16. dxc5 Qxc5 17. Qc3 Qxc3 18. Nxc3 Nxf4 19. Rad1 O-O 20. Rd4 Ng6
21. Nb5 a6 22. Nd6 Ra7 23. Ra4 Rfa8 24. g3 Kf8 25. Rb4 Ke7 26. Nb7 Rb8 27. Na5
Rxb4 28. axb4 Rc7 29. Ra1 Rc2 30. Rb1 d4 31. Kf1 e5 32. b3 e4 33. Re1 f5 34. f3
e3 35. Nc4 Kf6 36. h4 f4 37. Nd6 d3 38. Ne4+ Kf5 39. Nd6+ Ke6 40. Nc4 Rf2+ 41.
Kg1 Kd5 42. Nxe3+ fxe3 43. Rxe3 Rd2 44. Kf1 Kd4 45. Re4+ Kc3 46. Re6 Rd1+ 47.
Re1 Kc2 0-1

[Event "Challenge"]
[Site "http://www.queenalice.com/game.php?id=383492"]
[Date "2008.4.7"]
[Round "-"]
[White "masterchief88"]
[Black "JesterMike"]
[Result "1-0"]
[WhiteElo "1685"]
[BlackElo "1722"]

1. e4 e5 2. Nf3 Nc6 3. Bc4 Nf6 4. Ng5 d5 5. exd5 Nxd5 6. d3 h6 7. Ne4 Be6 8. Bd2
f5 9. Ng3 f4 10. Ne4 h5 11. Nbc3 Rh6 12. Bxd5 Bxd5 13. Qf3 Nd4 14. Qd1 Rg6 15.
g3 Bxe4 16. Nxe4 Qd5 17. Qxh5 Qc6 18. Qxe5+ Ne6 19. Qc3 O-O-O 20. Qxc6 bxc6 21.
gxf4 Nd4 22. O-O-O Ne2+ 23. Kb1 Rd5 24. c3 Rf5 25. Ng3 Nxg3 26. fxg3 Rb5 27.
Rde1 Ba3 28. b3 c5 29. Re8+ Kb7 30. Rhe1 Rh6 31. h4 Rd6 32. c4 Rbb6 33. R1e3 Rg6
34. f5 Rg4 35. Be1 Bb4 36. Bf2 Bc3 37. R3e4 Rxe4 38. dxe4 Rc6 39. e5 Bd4 40.
Bxd4 cxd4 41. e6 Rd6 42. e7 d3 43. Rd8 d2 44. Rxd6 cxd6 45. Kc2 1-0

[Event "Challenge"]
[Site "http://www.queenalice.com/game.php?id=386670"]
[Date "2008.4.12"]
[Round "-"]
[White "MartinLouisSelby"]
[Black "masterchief88"]
[Result "0-1"]
[WhiteElo "1647"]
[BlackElo "1677"]

1. e4 c5 2. Bc4 d6 3. Qf3 Nf6 4. Nc3 Bg4 5. Qg3 Nc6 6. Nd5 e6 7. Nxf6+ Qxf6 8.
Qxg4 Be7 9. d3 Nd4 10. Bb3 a5 11. Ba4+ b5 12. Bg5 Qxg5 13. Qxg5 Bxg5 14. Nf3
bxa4 15. Nxd4 cxd4 16. O-O Rc8 17. f4 Bh6 18. Rae1 Rxc2 19. Rb1 O-O 20. f5 Be3+
21. Kh1 Rfc8 22. g4 exf5 23. gxf5 R8c5 24. a3 f6 25. h4 d5 26. h5 dxe4 27. dxe4
d3 28. Rfe1 Rc1 29. Kg2 Rxb1 30. Rxb1 d2 31. Rd1 Rc1 32. Kf1 Rxd1+ 33. Ke2 Re1+
0-1

[Event "Challenge"]
[Site "http://www.queenalice.com/game.php?id=390982"]
[Date "2008.4.21"]
[Round "-"]
[White "vasileC"]
[Black "masterchief88"]
[Result "1-0"]
[WhiteElo "1788"]
[BlackElo "1718"]

1. e4 c5 2. c4 d6 3. Nf3 Nc6 4. Be2 Bg4 5. O-O Bxf3 6. Bxf3 Nd4 7. Na3 a6 8. Nc2
Nc6 9. d4 cxd4 10. Nxd4 Nf6 11. Bg5 e6 12. Nxc6 bxc6 13. e5 dxe5 14. Bxc6+ Ke7
15. Qb3 Rb8 16. Bxf6+ Kxf6 17. Qf3+ Ke7 18. Rad1 Qc7 19. Rd7+ Qxd7 20. Bxd7 Kxd7
21. Qxf7+ Kd6 22. Rd1+ Kc5 23. Qc7+ 1-0

[Event "Challenge"]
[Site "http://www.queenalice.com/game.php?id=390983"]
[Date "2008.4.21"]
[Round "-"]
[White "masterchief88"]
[Black "vasileC"]
[Result "0-1"]
[WhiteElo "1757"]
[BlackElo "1836"]

1. e4 e5 2. f4 exf4 3. Nf3 d6 4. d4 g5 5. Nc3 h6 6. Bd3 c6 7. Qe2 Nf6 8. h3 Nh5
9. Qf2 Ng3 10. Rg1 a5 11. Bd2 b5 12. O-O-O Bg7 13. Be1 O-O 14. Qd2 Nh5 15. g3
fxg3 16. Bxg3 a4 17. Be2 b4 18. Nb1 b3 19. a3 Qb6 20. Nc3 Bxh3 21. Bxd6 Rd8 22.
Bc5 Qb7 23. Nxg5 Nf6 24. Nxh3 Kh7 25. e5 Nd5 26. Bd3+ Kh8 27. Nxd5 cxd5 28. Qh2
Nc6 29. Ng5 Rab8 30. c3 Rd7 31. Nh7 Na5 32. Nf6 Rdd8 33. Qg2 Rg8 34. Bh7 Bxf6
35. Bxg8 Bg5+ 36. Kb1 Rxg8 37. Qh2 Kh7 38. Rg2 Rg6 39. Rdg1 Kg7 40. Qh3 Nc6 41.
Rf1 Nd8 42. Rgf2 Kg8 43. e6 Nxe6 44. Rxf7 Qxf7 45. Rxf7 Kxf7 46. Qf3+ Nf4 47.
Kc1 Rf6 48. Qd1 Re6 49. Bb6 Nd3+ 50. Kb1 Re1 0-1

[Event "04mayo2008"]
[Site "http://www.queenalice.com/game.php?id=398019"]
[Date "2008.5.4"]
[Round "-"]
[White "noseasino"]
[Black "masterchief88"]
[Result "1-0"]
[WhiteElo "1734"]
[BlackElo "1722"]

1. e4 c5 2. Bc4 d6 3. Nc3 Nc6 4. Nf3 Bg4 5. O-O Nd4 6. Bb5+ Bd7 7. a4 a6 8. Bc4
Bg4 9. h3 Bxf3 10. gxf3 e6 11. f4 Qh4 12. Qg4 Qxg4+ 13. hxg4 Nxc2 14. Ra2 Nf6
15. f3 Be7 16. e5 Nd7 17. exd6 Bxd6 18. f5 exf5 19. gxf5 O-O 20. b3 Nd4 21. Bd5
Rab8 22. Ne4 Be7 23. Ng3 Nf6 24. Bc4 b5 25. axb5 axb5 26. Be2 Nxb3 27. d3 Nd4
28. Bd1 Rfe8 29. Bf4 Ra8 30. Rff2 Nxf3+ 31. Bxf3 Rad8 32. Bc6 Rf8 33. Bxb5 Nh5
34. Nxh5 1-0

[Event "Challenge"]
[Site "http://www.queenalice.com/game.php?id=401915"]
[Date "2008.5.12"]
[Round "-"]
[White "Kronista"]
[Black "masterchief88"]
[Result "0-1"]
[WhiteElo "1698"]
[BlackElo "1700"]

1. e4 c5 2. d4 cxd4 3. Nf3 Nf6 4. e5 Ng4 5. Bf4 e6 6. Nxd4 Nh6 7. Nc3 Bb4 8. Qd3
Nc6 9. O-O-O a5 10. Ncb5 Na7 11. a3 Nxb5 12. Qxb5 Be7 13. Be2 O-O 14. Bxh6 gxh6
15. f4 d6 16. f5 Qd7 17. f6 Qxb5 18. Nxb5 Bd8 19. Nxd6 b6 20. Bh5 Bc7 21. Rd3
Bxd6 22. Rg3+ Kh8 23. exd6 Bb7 24. Rg7 Rad8 25. Rxf7 Rxf7 26. Bxf7 Rxd6 27. Be8
Kg8 28. f7+ Kf8 29. Rf1 Ba6 30. Rf3 Be2 31. Rg3 Rd1# 0-1

[Event "Challenge"]
[Site "http://www.queenalice.com/game.php?id=401919"]
[Date "2008.5.12"]
[Round "-"]
[White "masterchief88"]
[Black "Kronista"]
[Result "0-1"]
[WhiteElo "1725"]
[BlackElo "1698"]

1. e4 e5 2. f4 Nc6 3. Nf3 d6 4. Bc4 Be6 5. Bxe6 fxe6 6. Ng5 exf4 7. Qg4 Qd7 8.
Qxe6+ Qxe6 9. Nxe6 Kd7 10. Nxf4 Re8 11. d3 Nd4 12. Na3 d5 13. Be3 Bc5 14. Bxd4
Bxd4 15. c3 Bc5 16. Nxd5 c6 17. Nb4 Nf6 18. Nac2 a5 19. d4 Nxe4 20. O-O Ba7 21.
Nd3 Nd2 22. Rf2 Nc4 23. Rf7+ Re7 24. Raf1 Re8 25. R1f2 Kd6 26. b3 Nb6 27. Ne5
Nd5 28. c4 Nb4 29. Nxb4 axb4 30. c5+ Kd5 31. Rxe7 Rxe7 32. Rf4 Bb8 33. Rf5 Kxd4
34. Nf3+ Kc3 35. Re5 Bxe5 0-1

[Event "Challenge"]
[Site "http://www.queenalice.com/game.php?id=407745"]
[Date "2008.5.24"]
[Round "-"]
[White "Aguinaldo"]
[Black "masterchief88"]
[Result "1/2-1/2"]
[WhiteElo "1813"]
[BlackElo "1702"]

1. e4 c5 2. Nf3 Nc6 3. Bd3 d6 4. Nc3 Nf6 5. O-O e6 6. Bb5 Bd7 7. d3 Be7 8. Bxc6
Bxc6 9. e5 dxe5 10. Nxe5 Bd6 11. Nxc6 bxc6 12. Bg5 O-O 13. Ne4 Be7 14. Qf3 Nxe4
15. Bxe7 Qxe7 16. Qxe4 Qd6 17. c4 Rfd8 18. Rfd1 Rac8 19. Rd2 Qd4 20. Qxd4 cxd4
21. b4 e5 22. a4 a6 23. b5 axb5 24. axb5 cxb5 25. cxb5 Rb8 26. Rb1 f5 27. f3 g5
28. Re2 Rd5 29. b6 Rc5 30. Kf2 Rc3 31. Rxe5 Rxd3 32. Rxf5 h6 33. Rc5 Rd2+ 34.
Kg3 d3 35. Rd5 Kf7 36. Rd6 Kg7 37. b7 h5 38. Rd7+ Kf6 39. Rb6+ Ke5 40. Rb5+ Kf6
41. Rbd5 Rd1 42. Rxd3 Rxd3 43. Rxd3 Rxb7 44. h4 Rb5 45. Rd6+ Kg7 46. hxg5 Rxg5+
47. Kh3 Kf7 48. g4 hxg4+ 49. fxg4 Ke7 50. Rd4 Kf6 51. Kh4 Re5 52. Rf4+ Kg6 53.
Rf8 Rd5 54. Rg8+ Kh7 55. Rg5 Rd1 56. Rf5 Kg6 57. Rg5+ Kh6 58. Rf5 Rh1+ 59. Kg3
Kg6 60. Kg2 Rh4 61. Kg3 Rh1 62. Kf4 Rf1+ 63. Ke4 Re1+ 64. Kf3 Rf1+ 65. Ke4 Re1+
66. Kf3 Rf1+ 67. Ke4 Re1+ 68. Kf3 Rf1+ 1/2-1/2

[Event "Challenge"]
[Site "http://www.queenalice.com/game.php?id=419908"]
[Date "2008.6.19"]
[Round "-"]
[White "Kronista"]
[Black "masterchief88"]
[Result "1-0"]
[WhiteElo "1759"]
[BlackElo "1707"]

1. e4 c5 2. Nf3 Nc6 3. d4 cxd4 4. Nxd4 Nf6 5. Nc3 d6 6. Bg5 e6 7. Ndb5 Be7 8.
Bxf6 Bxf6 9. Nxd6+ Ke7 10. Nxc8+ Rxc8 11. Bb5 Qxd1+ 12. Rxd1 Rhd8 13. O-O Kf8
14. Na4 a6 15. Bd3 e5 16. Nc3 Nd4 17. f4 Rd7 18. Nd5 Rd6 19. Nxf6 gxf6 20. Rd2
Rcd8 21. Rdf2 Kg7 22. fxe5 fxe5 23. Rxf7+ Kg6 24. Rxb7 a5 25. Rff7 Rh8 26. g4
Rf6 27. Rg7+ Kh6 28. g5+ Kh5 29. gxf6 1-0

[Event "Challenge"]
[Site "http://www.queenalice.com/game.php?id=419909"]
[Date "2008.6.19"]
[Round "-"]
[White "masterchief88"]
[Black "Kronista"]
[Result "0-1"]
[WhiteElo "1691"]
[BlackElo "1770"]

1. e4 e5 2. f4 Nc6 3. d3 d6 4. Nf3 Be7 5. Nc3 f5 6. Bd2 exf4 7. Bxf4 Nf6 8. Qe2
O-O 9. O-O-O fxe4 10. Nxe4 Bg4 11. h3 Bh5 12. Qf2 Nxe4 13. dxe4 Rxf4 14. Bc4+
Kh8 15. Rdf1 Bh4 16. Qe3 Bxf3 17. Rxf3 Rxf3 18. Qxf3 Ne5 19. Qe2 Nxc4 20. Qxc4
Qg5+ 21. Kb1 Rf8 22. Qxc7 Qxg2 23. Rc1 Qxe4 24. Qxd6 Re8 25. a3 Qc6 26. Qd3 Qc8
27. Rd1 Qd8 28. Qxd8 Rxd8 29. Rxd8+ Bxd8 30. c4 h5 31. b4 g5 32. Kc2 g4 33. hxg4
hxg4 34. Kd2 Kg7 35. Ke2 Kf6 36. Kf2 Kf5 37. Kg3 a6 38. c5 Bf6 39. a4 Bd4 40.
Kh4 Kf4 0-1